000 00268nam a22000977a 4500
999 _c516892
_d516892
082 _aTNC
100 _aArya, Ravi Prakash
_923725
245 _aNew discoveries about vedic sarasvati, ed. 3
_cby Ravi Prakash Arya
260 _aNew York
_bD.D.D.I.V.V.
_c2002
300 _a90p.